000 00800nam a22002057a 4500
999 _c532861
_d532861
003 NUST
005 20191204110124.0
008 191204b ||||| |||| 00| 0 eng d
038 _aIESE
082 _a628
_bALI
100 _aAli,Muhammad, Hammad Ali, Rabie Ahmad Javaid, Mehtab Mehmood.
_926474
245 _aComparison fo rotating biological contactor & trickling filter for the treatment of domestic wastewater.
_cMuhammad Ali, Hammad Ali, Rabie Ahmad Javaid, Mehtab Mehmood.
260 _aIslamabad
_bIESE (SCEE) NUST
_c2019.
300 _a49p.
_bH.B
440 _aUG Environmental Engineering
_91834
500 _aThesis UG EE
650 _aEnvironmental Engineering
_91550
700 _4Dr. Sher Jamal (Supervisor)
942 _2ddc
_cTHE
_kIESE